000 01449cam a22003735a 4500
008 091207s2010 nyua b 001 0 eng
010 _a 2009942893
020 _a1848822286 (hbk.)
020 _a1848822294 (ebk.)
020 _a9781848822283 (hbk.)
020 _a9781848822290 (ebk.)
040 _aUKM
_cUKM
_dYDXCP
_dDLC
082 0 4 _a004.678
_222
092 0 4 _a004.678
_bC7383
_221
099 _a04
_a004.678 C7383
245 0 0 _aComputational social network analysis :
_btrends, tools and research advances /
_c[edited by] Ajith Abraham, Aboul-Ella Hassanien, Vaclav Snasel.
260 _aDordrecht :
_bSpringer,
_cc2010.
300 _axii, 485 p. :
_bill. ;
_c24 cm.
490 0 _aComputer communications and networks
500 _aCopy no. (194799) gift from Aboul-Ella Hassanien , no. (199771) gift from Council of Ministers. Information Center and Decision Support
504 _aIncludes bibliographical references and index.
650 0 _aOnline social networks.
650 0 _aSocial networks
_xData processing.
650 0 _aWeb 2.0.
700 1 _aAbraham, Ajith,
_d1968-
700 1 _aHassanien, Aboul Ella.
700 1 _aSnâaésel, Vâaclav,
_d1957-
902 _a2
905 _aEman
_eRev.
905 _aJamal
_eCat.
942 _2ddc
_cBK
999 _c122652
_d122652